| 000 | 00406nam a2200145 a 4500 | ||
|---|---|---|---|
| 001 | 649 | ||
| 003 | CDMR | ||
| 005 | 20130116135156.0 | ||
| 008 | 130130s1992||||||||||||||||||||||||||||d | ||
| 040 |
_aCDMR _bcat _cCPC LLEIDA |
||
| 100 | 1 |
_aGuerrero, Joan _9490 |
|
| 245 | 1 | 0 |
_aDarreres mirades d'una época _cGUERRERO, Joan |
| 260 |
_aBarcelona _c1992 _bAssociació de Fotògrafs de Premsa i Comunicació |
||
| 942 | _cMON | ||
| 999 |
_c649 _d649 |
||